| 000 | 00444nmm a2200145Ia 4500 | ||
|---|---|---|---|
| 008 | 251105s9999||||xx |||||||||||||||||und|| | ||
| 041 | _aspa | ||
| 100 | _aNieto Luna, Rubén | ||
| 245 | 0 |
_aTengo dolor : _b ¿Cómo puedo seguir con mi vida? |
|
| 264 |
_a[Madrid, España] : _bUniversitat Oberta de Catalunya, _c2017 |
||
| 300 | _a132 páginas | ||
| 650 | _aMedicine | ||
| 856 | _uhttps://public.digitaliapublishing.com/a/47361 | ||
| 942 | _cCF | ||
| 999 |
_c106336 _d106336 |
||